00179nam a2200073Ia 4500008004100000245002200041260003300063260000900096170620s9999 xx 000 0 und d 0aTeaching of Music bNew Delhi- Mohit Publication c2007